000 00449 a2200133 4500
000 nam a22 7a 4500
100 _aमनीराम
110 _aमनीराम
245 _aभारतीय समाज में नारी का सवरूप एवं विकास
250 _aLatest edition
260 _bआर पब्लिकेशन
_c2024
264 _bआर पब्लिकेशन
_c2024
942 _cBK
999 _c396686
_d396686